00666nam a2200217Ia 4500003000400000005001700004008004100021020001800062040001800080041000800098082001900106100001900125245011700144250001200261260005400273300003100327650002500358650003000383700001700413700001800430OSt20251210160649.0210716s2012 xx 000 0 und d a9789380501864 cAIMIT LIBRARY aeng a005.762 bWITI aWitten, Ian H. aData mining: bpractical machine learning tools and techniques /cBy Ian H. Witten, Eibe Frank and Mark A. Hall. a3rd ed. aNew Delhi :bReed Elsevier India Pvt Ltd ,c2012. axxxiii,629 p.;bPBc25 cm. aAdvanced data mining aEmbedded machine learning aFrank. Eibe. aHall, Mark A.